| 000 | 02282nam a22003738a 4500 | ||
|---|---|---|---|
| 001 | CR9781139161831 | ||
| 003 | UkCbUP | ||
| 005 | 20180107143415.0 | ||
| 006 | m|||||o||d|||||||| | ||
| 007 | cr|||||||||||| | ||
| 008 | 110921s2014||||enk s ||1 0|eng|d | ||
| 020 | _a9781139161831 (ebook) | ||
| 020 | _z9781107023949 (hardback) | ||
| 040 |
_aUkCbUP _cUkCbUP _erda |
||
| 050 | 0 | 0 |
_aHV636 _b2005.M7 $b C87 2014 |
| 082 | 0 | 0 |
_an/a _2n/a |
| 100 | 1 |
_aCutter, Susan, _eauthor. |
|
| 245 | 1 | 0 |
_aHurricane Katrina and the Forgotten Coast of Mississippi / [electronic resource] _cSusan Cutter, Christopher T. Emrich, Jerry T. Mitchell, Walter W. Piegorsch, Mark M. Smith, Lynn Weber. |
| 246 | 3 | _aHurricane Katrina & the Forgotten Coast of Mississippi | |
| 264 | 1 |
_aCambridge : _bCambridge University Press, _c2014. |
|
| 300 |
_a1 online resource (207 pages) : _bdigital, PDF file(s). |
||
| 336 |
_atext _btxt _2rdacontent |
||
| 337 |
_acomputer _bc _2rdamedia |
||
| 338 |
_aonline resource _bcr _2rdacarrier |
||
| 500 | _aTitle from publisher's bibliographic system (viewed on 09 Oct 2015). | ||
| 520 | _aHurricane Katrina slammed into the Gulf Coast in August 2005 with devastating consequences. Almost all analyses of the disaster have been dedicated to the way the hurricane affected New Orleans. This volume examines the impact of Katrina on southern Mississippi. While communities along Mississippi's Gulf Coast shared the impact, their socioeconomic and demographic compositions varied widely, leading to different types and rates of recovery. This volume furthers our understanding of the pace of recovery and its geographic extent, and explores the role of inequalities in the recovery process and those antecedent conditions that could give rise to a 'recovery divide'. It will be especially appealing to researchers and advanced students of natural disasters and policy makers dealing with disaster consequences and recovery. | ||
| 700 | 1 |
_aEmrich, Christopher T., _eauthor. |
|
| 700 | 1 |
_aMitchell, Jerry T., _eauthor. |
|
| 700 | 1 |
_aPiegorsch, Walter W., _eauthor. |
|
| 700 | 1 |
_aSmith, Mark M., _eauthor. |
|
| 700 | 1 |
_aWeber, Lynn, _eauthor. |
|
| 776 | 0 | 8 |
_iPrint version: _z9781107023949 |
| 856 | 4 | 0 |
_uhttp://dx.doi.org/10.1017/CBO9781139161831 _zCambridge Books Online |
| 999 |
_c236722 _d236722 |
||